Národná agentúra pre rozvoj malého a stredného podnikania výročná správa 2003
Enregistré dans:
| Format: | Livre |
|---|---|
| Langue: | slovaque |
| Publié: |
Bratislava
Národná agentúra pre rozvoj malého a stredného podnikania
2003
|
| Sujets: | |
| Tags: |
Pas de tags, Soyez le premier à ajouter un tag!
|
MARC
| LEADER | 00000nam$a2200000$$$4500 | ||
|---|---|---|---|
| 001 | 0019626 | ||
| 005 | 20240318125703.9 | ||
| 020 | |a 80-88957-30-3 | ||
| 041 | 0 | |a slo | |
| 044 | |a SK | ||
| 245 | 1 | 0 | |a Národná agentúra pre rozvoj malého a stredného podnikania |b výročná správa 2003 |
| 264 | 1 | |a Bratislava |b Národná agentúra pre rozvoj malého a stredného podnikania |c 2003 | |
| 300 | |a 26 s. | ||
| 610 | 2 | 0 | |a podnikanie malé |
| 610 | 2 | 0 | |a podnikanie stredné |
| 610 | 2 | 0 | |a agentúry |
| 610 | 2 | 0 | |a manažment |
| 610 | 2 | 0 | |a štruktúra organizačná |
| 610 | 2 | 0 | |a majetok |
| 610 | 2 | 0 | |a financie |
| 610 | 2 | 0 | |a konkurencieschopnosť |
| 610 | 2 | 0 | |a koordinácia |
| 610 | 2 | 0 | |a informácie |
| 610 | 2 | 0 | |a legislatíva |
| 610 | 2 | 0 | |a kapitál |
| 610 | 2 | 0 | |a Národná agentúra pre rozvoj malého a stredného podnikania |